Score 0/19 Timer 07:00
0 Plays Today
Hint % Correct
Member of U2Bono
86.8%
The King of Rock and RollElvis
83.6%
Leader of the german nazisHitler
79.2%
Rapper who is slim and shadyEminem
78%
Singer who's hips don't lieShakira
73%
Singer in pop, rock and roll, R&B, and is the artist formally known as...Prince
68.6%
No.2 currently on the list of the best golfers in the world Tiger
66.7%
Actor and talk show host who played the voice of Dory in 'Finding Nemo'Ellen
66%
Philanthropist and hosts a very popular talk showOprah
65.4%
Every little kids best friend that lives on Sesame streetElmo
64.8%
Hint % Correct
Female singer and actressMadonna
62.9%
Brazilian soccer playerPele
61%
Famous Lakers basketball player who is one of the most famous people with AIDS in AmericaMagic
57.9%
The big diesel and famous basketball player currently on the CelticsShaq
50.3%
Pop singer and dancer with a recent hit 'OMG'Usher
46.5%
Lakers shooting guard and 5-time NBA championKobe
45.3%
Famous pop singerBeyonce
32.7%
Actor who was also on Hollywood SquaresWhoopi
17.6%
Actor and comedian was a contestant on The Celebrity Apprentice 2009Sinbad
8.8%
Remove Ads.
Support Sporcle.
Get the best of Sporcle when you Go Orange. This ad-free experience offers more features, more stats, and more fun while also helping to support Sporcle. Thank you for becoming a member.

You're not logged in!

Compare scores with friends on all Sporcle quizzes.
OR
Log In

Show Comments

Extras

Created Nov 4, 2010SourceReportNominate
Tags:Celebrity Quiz, name

Top Quizzes Today


Score Distribution

Your Account Isn't Verified!

In order to create a playlist on Sporcle, you need to verify the email address you used during registration. Go to your Sporcle Settings to finish the process.

Report this User

Report this user for behavior that violates our Community Guidelines.

Details: